Wordt geladen...
Handbook of Horticulture
| Hoofdauteur: | |
|---|---|
| Formaat: | Printed Book |
| Taal: | Undetermined |
| Gepubliceerd in: |
NewDelhi
Oxford Book Company
2012
|
| Onderwerpen: |
| LEADER | 00569nam a2200169Ia 4500 | ||
|---|---|---|---|
| 008 | 140316s9999 xx 000 0 und d | ||
| 020 | |a 9789350300565 | ||
| 082 | |a 635 |b BOS/HA | ||
| 100 | |a Bose,U.S. | ||
| 245 | |a Handbook of Horticulture | ||
| 260 | |a NewDelhi |b Oxford Book Company |c 2012 | ||
| 300 | |a 244 | ||
| 650 | |a Medicinal Plants | ||
| 650 | |a Types of Aromatic Plants | ||
| 942 | |2 ddc |c BK | ||
| 999 | |c 11851 |d 11851 | ||
| 952 | |0 0 |1 0 |2 ddc |4 0 |6 635_000000000000000_BOSHA |7 0 |9 13073 |a KAUCLV |b KAUCLV |c GENERAL |d 2014-03-18 |l 9 |o 635 BOS/HA |p 220816 |r 2016-05-04 |s 2016-03-02 |w 2014-03-18 |y BK | ||